[Event "Time Manager Cup"]
[Site "Hillerod"]
[Date "1985.01.19"]
[Round "1"]
[White "Larsen, Steen Skovlund"]
[Black "Reinert, Mads"]
[Result "0-1"]
[WhiteElo "2224"]
[BlackElo "2323"]
[PlyCount "52"]
[SourceDate "2003.01.07"]

1. c4 e5 2. Nc3 d6 3. Nf3 f5 4. d4 e4 5. Ng1 c6 6. d5 Nf6 7. f3 Nbd7 8. Nh3 Ne5
9. e3 exf3 10. gxf3 Nh5 11. Nf2 Qh4 12. Qe2 g5 13. Bg2 Bd7 14. b3 O-O-O 15. Bb2
Bh6 16. O-O-O Rhe8 17. Rd4 g4 18. fxg4 c5 19. Rd2 Nxg4 20. Nxg4 fxg4 21. Ne4
Bf5 22. Qd3 Bg6 23. b4 Qe7 24. bxc5 Bxe4 25. cxd6 Rxd6 26. Bxe4 Qxe4 0-1

[Event "Time Manager Cup"]
[Site "Hillerod"]
[Date "1985.01.19"]
[Round "1"]
[White "Hvenekilde, Jorgen"]
[Black "Danielsen, Henrik"]
[Result "1/2-1/2"]
[WhiteElo "2274"]
[BlackElo "2374"]
[PlyCount "81"]
[SourceDate "2003.01.07"]

1. Nf3 Nf6 2. g3 g6 3. Bg2 Bg7 4. O-O O-O 5. c4 d6 6. Nc3 c6 7. d3 e5 8. Bd2
Re8 9. Rc1 a6 10. b4 d5 11. cxd5 cxd5 12. d4 e4 13. Ne5 Nh5 14. f3 f6 15. Ng4
Be6 16. Nh6+ Bxh6 17. Bxh6 f5 18. fxe4 fxe4 19. e3 Nc6 20. a3 Rc8 21. Na4 Ne7
22. Bg5 Rxc1 23. Qxc1 Qd6 24. Qc5 Nc8 25. Rc1 Bd7 26. Qxd6 Nxd6 27. Nb6 Bc6 28.
Bh3 Kg7 29. Rc5 Nf7 30. Bf4 Nf6 31. a4 g5 32. b5 axb5 33. axb5 Bxb5 34. Rxb5
gxf4 35. gxf4 Rd8 36. Nc8 Nd6 37. Nxd6 Rxd6 38. Rxb7+ Kg6 39. Bf1 Rc6 40. Be2
Rc2 41. Kf1 1/2-1/2

[Event "Time Manager Cup"]
[Site "Hillerod"]
[Date "1985.01.19"]
[Round "1"]
[White "Rosenlund, Thorbjorn"]
[Black "Fedder, Steen"]
[Result "1-0"]
[WhiteElo "2357"]
[BlackElo "2435"]
[PlyCount "73"]
[SourceDate "2003.01.07"]

1. d4 d5 2. Nf3 Nf6 3. e3 Bg4 4. c4 dxc4 5. Bxc4 e6 6. h3 Bh5 7. O-O Be7 8.
Nbd2 Nbd7 9. b3 O-O 10. Bb2 c5 11. dxc5 Bxc5 12. a3 Qe7 13. b4 Bd6 14. Be2 Rfd8
15. Nc4 Bc7 16. Qe1 Ne4 17. Nd4 Bg6 18. Nb5 Bb8 19. Rd1 Rc8 20. Rd4 Ndf6 21. f4
h5 22. Qh4 Qe8 23. Nbd6 Nxd6 24. Nxd6 Bxd6 25. Rxd6 Ne4 26. Rd4 Rc2 27. Bd3
Rxb2 28. Bxe4 Bxe4 29. Rxe4 Qc6 30. f5 exf5 31. Rxf5 Qc2 32. Rf2 Qd1+ 33. Kh2
Rb1 34. Qf4 Qd7 35. Rd4 Qe7 36. Qf5 Re1 37. Rd7 1-0

[Event "Time Manager Cup"]
[Site "Hillerod"]
[Date "1985.01.20"]
[Round "2"]
[White "Fedder, Steen"]
[Black "Hoi, Carsten"]
[Result "1-0"]
[WhiteElo "2435"]
[BlackElo "2396"]
[PlyCount "77"]
[SourceDate "2003.01.07"]

1. d4 g6 2. c4 Bg7 3. Nc3 d6 4. e4 Nf6 5. Be2 O-O 6. Bg5 Nbd7 7. Qd2 c6 8. Nf3
e5 9. O-O exd4 10. Nxd4 Re8 11. f3 Nc5 12. Nc2 Ne6 13. Be3 Bf8 14. Rad1 Qc7 15.
Kh1 a5 16. Rfe1 a4 17. Bf1 Qa5 18. b4 axb3 19. axb3 Qd8 20. Na4 Nd7 21. Nd4
Nec5 22. Nxc5 dxc5 23. Ne2 Ra3 24. Qb2 Ra6 25. Nc3 Qf6 26. Qc2 Bd6 27. Qd2 Bc7
28. f4 Rd8 29. e5 Qe7 30. Qf2 Ba5 31. Bd2 Nf8 32. Ne4 Bxd2 33. Rxd2 Rxd2 34.
Qxd2 Bf5 35. Nf6+ Kg7 36. g4 Bc8 37. f5 gxf5 38. gxf5 Bxf5 39. Qg5+ 1-0

[Event "Time Manager Cup"]
[Site "Hillerod"]
[Date "1985.01.20"]
[Round "2"]
[White "Danielsen, Henrik"]
[Black "Reinert, Mads"]
[Result "1-0"]
[WhiteElo "2374"]
[BlackElo "2323"]
[PlyCount "79"]
[SourceDate "2003.01.07"]

1. Nf3 Nf6 2. c4 e6 3. d4 c5 4. e3 b6 5. Nc3 Bb7 6. d5 d6 7. e4 Be7 8. Bd3 Nbd7
9. dxe6 fxe6 10. Ng5 Nf8 11. f4 N6d7 12. h4 h6 13. Nf3 a6 14. Qe2 Qc7 15. Bd2
Bf6 16. O-O-O O-O-O 17. g4 Nb8 18. g5 hxg5 19. hxg5 Rxh1 20. Rxh1 Be7 21. Qe3
Nc6 22. Bf1 Nd4 23. Nxd4 cxd4 24. Qxd4 d5 25. cxd5 exd5 26. exd5 Rxd5 27. Qg1
Rxd2 28. Kxd2 Qxf4+ 29. Kc2 b5 30. a3 Bxh1 31. Qxh1 Qf2+ 32. Kb1 Qe1+ 33. Ka2
Qe6+ 34. Nd5 Kb8 35. Bg2 Bd6 36. Ka1 Be5 37. Qc1 Qd6 38. Nb4 Bf4 39. Qc2 Ka7
40. Qc8 1-0

[Event "Time Manager Cup"]
[Site "Hillerod"]
[Date "1985.01.19"]
[Round "1"]
[White "Hoi, Carsten"]
[Black "Iskov, Gert"]
[Result "1-0"]
[WhiteElo "2396"]
[BlackElo "2359"]
[PlyCount "81"]
[SourceDate "2003.01.07"]

1. d4 e6 2. Nf3 c5 3. g3 b6 4. Bg2 Bb7 5. c3 Be7 6. O-O Nf6 7. Bg5 O-O 8. Nbd2
cxd4 9. cxd4 Ne4 10. Bxe7 Qxe7 11. Ne5 f5 12. Nxe4 fxe4 13. Rc1 Bd5 14. Qc2 d6
15. Ng4 Nc6 16. Ne3 Rac8 17. Bxe4 Bxe4 18. Qxe4 d5 19. Qg4 h5 20. Qxh5 Nxd4 21.
Rxc8 Rxc8 22. Qg4 Qf6 23. Nxd5 Nxe2+ 24. Kg2 Qf7 25. Ne3 Nc1 26. Nc4 Rf8 27.
Rxc1 Qxf2+ 28. Kh1 Rf5 29. Nd6 Re5 30. Qf4 Qxf4 31. gxf4 Re2 32. Rb1 a6 33. Kg1
b5 34. Nb7 Re4 35. Nc5 Rxf4 36. Nxa6 Ra4 37. Nc7 b4 38. Nxe6 Rxa2 39. Nd4 Ra5
40. Rc1 Rd5 41. Rc4 1-0

[Event "Time Manager Cup"]
[Site "Hillerod"]
[Date "1985.01.20"]
[Round "2"]
[White "Iskov, Gert"]
[Black "Larsen, Steen Skovlund"]
[Result "1/2-1/2"]
[WhiteElo "2359"]
[BlackElo "2224"]
[PlyCount "58"]
[SourceDate "2003.01.07"]

1. e4 c5 2. Nf3 d6 3. d4 cxd4 4. Nxd4 Nf6 5. Nc3 Nc6 6. Bg5 e6 7. Qd2 Be7 8.
O-O-O O-O 9. f4 h6 10. Bh4 Bd7 11. Nf3 Qa5 12. g4 Rfc8 13. Kb1 b5 14. Nxb5 Qa4
15. Nc3 Qb4 16. Bd3 Rab8 17. b3 Qa3 18. Qc1 Qc5 19. Ne2 a5 20. Rhg1 Ne8 21.
Bxe7 Nxe7 22. f5 e5 23. f6 Nxf6 24. g5 hxg5 25. Qxg5 Ng6 26. h4 Nh7 27. Qg2 Nf6
28. Qg5 Nh7 29. Qg2 Nf6 1/2-1/2

[Event "Time Manager Cup"]
[Site "Hillerod"]
[Date "1985.01.20"]
[Round "2"]
[White "Hvenekilde, Jorgen"]
[Black "Rosenlund, Thorbjorn"]
[Result "1/2-1/2"]
[WhiteElo "2274"]
[BlackElo "2357"]
[PlyCount "82"]
[SourceDate "2003.01.07"]

1. e4 g6 2. d4 Bg7 3. Nc3 d6 4. Be3 a6 5. Qd2 b5 6. O-O-O Bb7 7. f3 Nd7 8. h4
h5 9. Nh3 c5 10. Kb1 Rc8 11. Nf2 Qa5 12. g4 b4 13. Ne2 Nb6 14. Nc1 c4 15. c3
bxc3 16. Qxc3 Qb5 17. Ne2 Nf6 18. Qa3 Na4 19. gxh5 Nxh5 20. Rg1 Rb8 21. Nc3
Nxc3+ 22. Qxc3 d5 23. Bg5 Bc6 24. Bh3 Rb7 25. e5 e6 26. Bd2 Kd7 27. Bg4 Bf8 28.
Nh3 Ng7 29. Ng5 Kc8 30. Rh1 Kb8 31. Qc2 Ba3 32. Bc3 Nh5 33. Ka1 Bf8 34. Bxh5
Rxh5 35. f4 Be8 36. Rdg1 Ka7 37. Qf2 Be7 38. Qf3 Qc6 39. Rh2 Ka8 40. Rgh1 Ka7
41. Qf2 Ka8 1/2-1/2

[Event "Time Manager Cup"]
[Site "Hillerod"]
[Date "1985.01.26"]
[Round "3"]
[White "Hoi, Carsten"]
[Black "Hvenekilde, Jorgen"]
[Result "1/2-1/2"]
[WhiteElo "2396"]
[BlackElo "2274"]
[PlyCount "86"]
[SourceDate "2003.01.07"]

1. d4 Nf6 2. c4 g6 3. Nc3 Bg7 4. e4 d6 5. f3 O-O 6. Be3 e5 7. d5 Nfd7 8. Qd2 f5
9. exf5 gxf5 10. O-O-O a5 11. Bd3 Na6 12. Bg5 Qe8 13. Nge2 Ndc5 14. Bb1 Bd7 15.
h3 a4 16. g4 e4 17. gxf5 Nb3+ 18. axb3 Nc5 19. Bc2 axb3 20. Bb1 Ra1 21. Qe1
Bxf5 22. Kd2 Na4 23. Nxa4 Qxa4 24. Nc3 Qxc4 25. Bxe4 Bxe4 26. Qxe4 Bxc3+ 27.
bxc3 Ra2+ 28. Ke1 Qxe4+ 29. fxe4 Rff2 30. Bd2 Rg2 31. c4 b2 32. Bc3 Rc2 33.
Rg1+ Kf7 34. Rg7+ Kf8 35. Rg3 Rc1 36. Bxb2 Rxd1+ 37. Kxd1 Rxb2 38. Kc1 Rb4 39.
Rc3 Ke7 40. Kd2 Kf6 41. Rf3+ Ke5 42. Kc3 Ra4 43. Rf7 Ra3+ 1/2-1/2

[Event "Time Manager Cup"]
[Site "Hillerod"]
[Date "1985.01.26"]
[Round "3"]
[White "Reinert, Mads"]
[Black "Iskov, Gert"]
[Result "1/2-1/2"]
[WhiteElo "2323"]
[BlackElo "2359"]
[PlyCount "44"]
[SourceDate "2003.01.07"]

1. e4 c5 2. d3 Nc6 3. f4 d6 4. Nf3 g6 5. c3 Bg7 6. Be2 Nf6 7. Nbd2 O-O 8. O-O
b5 9. Qe1 b4 10. Qh4 bxc3 11. bxc3 Nh5 12. e5 dxe5 13. fxe5 Ba6 14. Qe4 Qd7 15.
Nb3 f5 16. Qh4 Nxe5 17. Nxc5 Qd6 18. Nxa6 Qxa6 19. Nxe5 Bxe5 20. Bxh5 gxh5 21.
d4 Bg7 22. Qxh5 Qc4 1/2-1/2

[Event "Time Manager Cup"]
[Site "Hillerod"]
[Date "1985.01.26"]
[Round "3"]
[White "Larsen, Steen Skovlund"]
[Black "Fedder, Steen"]
[Result "0-1"]
[WhiteElo "2224"]
[BlackElo "2435"]
[PlyCount "56"]
[SourceDate "2003.01.07"]

1. d4 d5 2. c4 e6 3. Nc3 Nf6 4. Bg5 Be7 5. Nf3 O-O 6. e3 b6 7. Qc2 Bb7 8. O-O-O
Nbd7 9. Kb1 c5 10. Bd3 cxd4 11. exd4 dxc4 12. Bxc4 Rc8 13. Bd3 h6 14. Bxf6 Nxf6
15. Qe2 Nd5 16. Nxd5 Qxd5 17. Rhe1 Rfd8 18. Ne5 Bf6 19. Bc4 Qd6 20. Nxf7 Kxf7
21. Bxe6+ Kf8 22. Qh5 Rc7 23. f4 Re7 24. f5 Bd5 25. Bxd5 Qxd5 26. Rxe7 Kxe7 27.
Qg4 Kf8 28. a3 Qb3 0-1

[Event "Time Manager Cup"]
[Site "Hillerod"]
[Date "1985.01.26"]
[Round "3"]
[White "Rosenlund, Thorbjorn"]
[Black "Danielsen, Henrik"]
[Result "1-0"]
[WhiteElo "2357"]
[BlackElo "2374"]
[PlyCount "49"]
[SourceDate "2003.01.07"]

1. d4 Nf6 2. Nf3 d5 3. c4 e6 4. Nc3 c5 5. e3 Nc6 6. a3 a6 7. dxc5 Bxc5 8. b4
Bd6 9. Bb2 O-O 10. Rc1 dxc4 11. Bxc4 b5 12. Bd3 Ne5 13. Nxe5 Bxe5 14. f4 Bc7
15. Ne4 Nd5 16. Ng5 h6 17. Bh7+ Kh8 18. Be4 Ra7 19. Qd4 f6 20. Qxa7 hxg5 21.
Bxd5 Qxd5 22. Rxc7 Qxg2 23. Rf1 gxf4 24. Qc5 Rd8 25. Qc2 1-0

[Event "Time Manager Cup"]
[Site "Hillerod"]
[Date "1985.01.27"]
[Round "4"]
[White "Rosenlund, Thorbjorn"]
[Black "Hoi, Carsten"]
[Result "1/2-1/2"]
[WhiteElo "2357"]
[BlackElo "2396"]
[PlyCount "96"]
[SourceDate "2003.01.07"]

1. d4 Nf6 2. Nf3 e6 3. e3 d5 4. Bd3 c5 5. b3 Nbd7 6. Bb2 Be7 7. O-O O-O 8. Nbd2
b6 9. Ne5 Bb7 10. Qf3 cxd4 11. exd4 Bb4 12. c3 Bd6 13. Qe2 Qe7 14. f4 Rfd8 15.
a4 a5 16. Rf3 Rac8 17. Rh3 Nf8 18. Rf1 Rc7 19. g4 Ng6 20. g5 Bxe5 21. gxf6 Bxf6
22. Qh5 h6 23. Bxg6 fxg6 24. Qxg6 Qf7 25. Rxh6 Qxg6+ 26. Rxg6 Ba6 27. Rc1 Rb8
28. Ba3 Rbc8 29. Bb2 Bxd4+ 30. cxd4 Rxc1+ 31. Bxc1 Rxc1+ 32. Kf2 Rc2 33. Ke1
Kf7 34. f5 exf5 35. Rxb6 Bd3 36. Nf3 Be4 37. Ng5+ Ke7 38. h4 f4 39. Re6+ Kd7
40. Re5 f3 41. Nxe4 Re2+ 42. Kf1 dxe4 43. h5 Kd6 44. Kg1 Rg2+ 45. Kf1 Rg4 46.
Ke1 Rf4 47. Kf2 Kd7 48. Kf1 Kd6 1/2-1/2

[Event "Time Manager Cup"]
[Site "Hillerod"]
[Date "1985.01.27"]
[Round "4"]
[White "Hvenekilde, Jorgen"]
[Black "Larsen, Steen Skovlund"]
[Result "1/2-1/2"]
[WhiteElo "2274"]
[BlackElo "2224"]
[PlyCount "104"]
[SourceDate "2003.01.07"]

1. e4 c5 2. Nf3 d6 3. b4 cxb4 4. d4 Nf6 5. Bd3 Nc6 6. d5 Nb8 7. Bd2 g6 8. Bxb4
Bg7 9. Nbd2 O-O 10. O-O Nh5 11. Rb1 Nd7 12. Re1 Nf4 13. Bf1 Nc5 14. Nb3 Na4 15.
Qc1 Nh5 16. c4 Bg4 17. Nfd4 Bd7 18. Be2 Nf6 19. Qe3 Rc8 20. h3 Ne8 21. Nd2 a6
22. N2f3 Qc7 23. Bf1 f6 24. Nh2 Nc5 25. Bc3 e5 26. dxe6 Nxe6 27. Nb3 Nc5 28.
Ba5 Qb8 29. Nxc5 Rxc5 30. Bb4 Re5 31. Nf3 Re7 32. c5 f5 33. Qb3+ Kh8 34. exf5
Rxe1 35. Rxe1 dxc5 36. Bxc5 Rxf5 37. Bd4 Qc7 38. Re7 Qd6 39. Qe3 Rf8 40. Ne5
Bc6 41. Nxc6 Qxc6 42. Bxg7+ Nxg7 43. Qd4 Qf6 44. Qxf6 Rxf6 45. Rxb7 Nf5 46. Ra7
Rd6 47. g4 Nh4 48. Bxa6 g5 49. Bb5 Rd1+ 50. Kh2 Nf3+ 51. Kg2 Nh4+ 52. Kh2 Nf3+
1/2-1/2

[Event "Time Manager Cup"]
[Site "Hillerod"]
[Date "1985.01.27"]
[Round "4"]
[White "Fedder, Steen"]
[Black "Reinert, Mads"]
[Result "1-0"]
[WhiteElo "2435"]
[BlackElo "2323"]
[PlyCount "73"]
[SourceDate "2003.01.07"]

1. d4 Nf6 2. Nf3 c5 3. d5 e6 4. c4 exd5 5. cxd5 d6 6. Nc3 g6 7. e4 Bg7 8. Bg5
h6 9. Bh4 a6 10. Nd2 b5 11. Be2 O-O 12. Qc2 Re8 13. O-O b4 14. Na4 Nbd7 15. f4
Ra7 16. Rac1 Qc7 17. Kh1 Nh7 18. Bd3 a5 19. Bg3 Ba6 20. Bxa6 Rxa6 21. Nc4 Nhf6
22. e5 Nxd5 23. Nxd6 Re6 24. b3 Ne7 25. Rcd1 Rc6 26. Qd3 Nf8 27. Nb2 f6 28.
Nbc4 f5 29. Bh4 Nc8 30. Rd2 Nxd6 31. exd6 Qd7 32. Be7 Re4 33. Bxf8 Kxf8 34. Qd5
Bd4 35. Ne5 Bxe5 36. fxe5 Ra6 37. Qxe4 1-0

[Event "Time Manager Cup"]
[Site "Hillerod"]
[Date "1985.01.27"]
[Round "4"]
[White "Danielsen, Henrik"]
[Black "Iskov, Gert"]
[Result "1/2-1/2"]
[WhiteElo "2374"]
[BlackElo "2359"]
[PlyCount "52"]
[SourceDate "2003.01.07"]

1. Nf3 Nf6 2. c4 b6 3. d4 e6 4. e3 Bb7 5. Bd3 d5 6. O-O Nbd7 7. b3 Bd6 8. Bb2
O-O 9. Nbd2 Ne4 10. Qe2 f5 11. Rac1 Nxd2 12. Nxd2 e5 13. dxe5 Nxe5 14. Bxe5
Bxe5 15. Nf3 Bd6 16. cxd5 Bxd5 17. Bc4 Bxc4 18. Qxc4+ Kh8 19. Rfd1 Qe7 20. Rd5
Rae8 21. Nd4 f4 22. Nf5 Qe6 23. Nxd6 cxd6 24. Re1 fxe3 25. fxe3 Qf6 26. Rd2 d5
1/2-1/2

[Event "Time Manager Cup"]
[Site "Hillerod"]
[Date "1985.02.09"]
[Round "5"]
[White "Larsen, Steen Skovlund"]
[Black "Rosenlund, Thorbjorn"]
[Result "1/2-1/2"]
[WhiteElo "2224"]
[BlackElo "2357"]
[PlyCount "77"]
[SourceDate "2003.01.07"]

1. d4 Nf6 2. c4 c5 3. d5 g6 4. Nc3 Bg7 5. e4 d6 6. Nf3 O-O 7. h3 a6 8. a4 e5 9.
Be3 Nh5 10. Nd2 b6 11. g3 Bf6 12. h4 Be7 13. Bh6 Ng7 14. Nf3 f5 15. Ng5 Bxg5
16. Bxg5 Qe8 17. Bh6 Nd7 18. Bd3 f4 19. Qd2 fxg3 20. fxg3 Nf6 21. Rf1 Bh3 22.
Rg1 Ng4 23. Be3 Rf3 24. Nd1 Nh5 25. Be2 Rxg3 26. Rxg3 Nxg3 27. Bxg4 Bxg4 28.
Qg2 Bxd1 29. Qxg3 Bh5 30. Kd2 Qf7 31. Bh6 Ra7 32. Ke3 Qe8 33. Rf1 Rf7 34. Rxf7
Kxf7 35. Qh3 Kg8 36. Qf1 Qf7 37. Qh3 Qe8 38. Qf1 Qf7 39. Qh3 1/2-1/2

[Event "Time Manager Cup"]
[Site "Hillerod"]
[Date "1985.02.09"]
[Round "5"]
[White "Hoi, Carsten"]
[Black "Danielsen, Henrik"]
[Result "1/2-1/2"]
[WhiteElo "2396"]
[BlackElo "2374"]
[PlyCount "81"]
[SourceDate "2003.01.07"]

1. d4 Nf6 2. c4 g6 3. Nc3 Bg7 4. e4 d6 5. Nf3 O-O 6. h3 e5 7. d5 Na6 8. Bg5 Qe8
9. g4 Nd7 10. Rg1 Kh8 11. Qd2 Ndc5 12. O-O-O Bd7 13. Be2 Nb4 14. Kb1 a5 15. Nh4
a4 16. Bh6 Qe7 17. Bxg7+ Kxg7 18. Ng2 a3 19. b3 f5 20. gxf5 Rxf5 21. f3 Rff8
22. h4 Nba6 23. h5 g5 24. f4 gxf4 25. Nxf4+ Kh8 26. Nd3 Nxd3 27. Bxd3 Rf3 28.
Rdf1 Rxf1+ 29. Rxf1 Rg8 30. Nb5 Bxb5 31. cxb5 Nc5 32. Bc2 Nd7 33. Qa5 Nf6 34.
h6 Ng4 35. Qxa3 Nxh6 36. Rc1 Qd7 37. Bd3 Qh3 38. Bc2 Qe3 39. Qb4 Nf7 40. Qc4
Rg1 41. Rxg1 1/2-1/2

[Event "Time Manager Cup"]
[Site "Hillerod"]
[Date "1985.02.09"]
[Round "5"]
[White "Iskov, Gert"]
[Black "Fedder, Steen"]
[Result "0-1"]
[WhiteElo "2359"]
[BlackElo "2435"]
[PlyCount "74"]
[SourceDate "2003.01.07"]

1. e4 c5 2. Nf3 d6 3. d4 cxd4 4. Nxd4 Nf6 5. Nc3 a6 6. Be2 e6 7. f4 Qc7 8. O-O
Be7 9. Kh1 O-O 10. a4 Nc6 11. Be3 Bd7 12. Qe1 Rac8 13. Rd1 Kh8 14. Qg3 Qb8 15.
Bf3 Nb4 16. e5 Ne8 17. f5 exf5 18. Nd5 Nxd5 19. Bxd5 dxe5 20. Nxf5 Bf6 21. Bg5
Bxf5 22. Rxf5 Bxg5 23. Qxg5 Nd6 24. Rf3 f5 25. Be6 Rcd8 26. Rfd3 e4 27. Rd4 Rf6
28. Bxf5 Rdf8 29. g4 Nxf5 30. gxf5 Rxf5 31. Qg2 e3 32. Rg1 Qc7 33. Rc4 Qf7 34.
Re4 Rf2 35. Qg4 Qc7 36. Qh5 Qc6 37. Qg4 g6 0-1

[Event "Time Manager Cup"]
[Site "Hillerod"]
[Date "1985.02.09"]
[Round "5"]
[White "Reinert, Mads"]
[Black "Hvenekilde, Jorgen"]
[Result "1/2-1/2"]
[WhiteElo "2323"]
[BlackElo "2274"]
[PlyCount "71"]
[SourceDate "2003.01.07"]

1. e4 e6 2. d4 d5 3. e5 c5 4. c3 Nc6 5. Nf3 Bd7 6. dxc5 Bxc5 7. b4 Bb6 8. Bd3
f5 9. O-O Rc8 10. b5 Nce7 11. a4 Ng6 12. g3 N8e7 13. h4 O-O 14. Kg2 a6 15. h5
Nh8 16. Qe2 axb5 17. axb5 Nf7 18. Ra4 Kh8 19. Rh1 Nh6 20. Bg5 Qe8 21. Nh4 Neg8
22. c4 dxc4 23. Rxc4 Rxc4 24. Bxc4 Bc5 25. Nd2 b6 26. Nb3 Bc8 27. Nxc5 bxc5 28.
Rd1 Nf7 29. Bf4 Qe7 30. Kg1 Bb7 31. Nxf5 exf5 32. e6 Ng5 33. Rd7 Nf3+ 34. Kf1
Nh2+ 35. Kg1 Nf3+ 36. Kf1 1/2-1/2

[Event "Time Manager Cup"]
[Site "Hillerod"]
[Date "1985.02.10"]
[Round "6"]
[White "Rosenlund, Thorbjorn"]
[Black "Reinert, Mads"]
[Result "0-1"]
[WhiteElo "2357"]
[BlackElo "2323"]
[PlyCount "74"]
[SourceDate "2003.01.07"]

1. d4 Nf6 2. Nf3 c5 3. d5 e6 4. Nc3 b5 5. Bg5 b4 6. Nb5 a6 7. dxe6 axb5 8.
exf7+ Kxf7 9. Bxf6 Kxf6 10. Qd5 Nc6 11. e4 g6 12. Bxb5 Qe8 13. e5+ Kg7 14. O-O
Ba6 15. Bxa6 Rxa6 16. Qd3 Nb8 17. c3 Be7 18. cxb4 cxb4 19. Nd4 Rf8 20. a3 Qf7
21. Nf3 bxa3 22. bxa3 Ra4 23. Rfc1 g5 24. h3 g4 25. hxg4 Rxg4 26. Kf1 Nc6 27.
Qxd7 Nxe5 28. Qb7 Nxf3 29. gxf3 Rc4 30. Rxc4 Qxc4+ 31. Kg2 Rf7 32. Qe4 Qa6 33.
a4 Kf8 34. f4 Rg7+ 35. Kf3 Qc8 36. Rd1 Qg4+ 37. Ke3 Qxd1 0-1

[Event "Time Manager Cup"]
[Site "Hillerod"]
[Date "1985.02.10"]
[Round "6"]
[White "Hoi, Carsten"]
[Black "Larsen, Steen Skovlund"]
[Result "1-0"]
[WhiteElo "2396"]
[BlackElo "2224"]
[PlyCount "83"]
[SourceDate "2003.01.07"]

1. d4 Nf6 2. Nf3 g6 3. c4 Bg7 4. Nc3 O-O 5. e4 d6 6. Be3 Nbd7 7. h3 c5 8. d5 b5
9. cxb5 a6 10. a4 Qa5 11. Nd2 axb5 12. Bxb5 Ba6 13. Ra3 Bxb5 14. axb5 Qc7 15.
Qb3 Nb6 16. O-O Nfd7 17. Rfa1 Rab8 18. Nc4 Nxc4 19. Qxc4 Rb7 20. Ra8 Rfb8 21.
R1a6 Ne5 22. Qf1 Nd7 23. Na4 h5 24. Bd2 Qc8 25. Rxb8 Qxb8 26. Ra5 Kh7 27. Bc3
Nf6 28. Qc4 Qd8 29. b6 Nd7 30. Bxg7 Kxg7 31. Ra7 Rb8 32. b7 Ne5 33. Qa6 e6 34.
f4 Nf3+ 35. gxf3 Qh4 36. Qf1 exd5 37. Nb6 dxe4 38. Nd7 e3 39. Nxb8 Qg3+ 40. Kh1
e2 41. Qxe2 Qxh3+ 42. Kg1 1-0

[Event "Time Manager Cup"]
[Site "Hillerod"]
[Date "1985.02.10"]
[Round "6"]
[White "Hvenekilde, Jorgen"]
[Black "Iskov, Gert"]
[Result "1/2-1/2"]
[WhiteElo "2274"]
[BlackElo "2359"]
[PlyCount "51"]
[SourceDate "2003.01.07"]

1. e4 c5 2. Nf3 Nc6 3. d4 cxd4 4. Nxd4 g6 5. Nc3 Bg7 6. Be3 Nf6 7. Be2 O-O 8.
O-O d6 9. Kh1 Nxd4 10. Bxd4 e5 11. Be3 Be6 12. Qd2 d5 13. exd5 Nxd5 14. Nxd5
Qxd5 15. Rfd1 Qxd2 16. Rxd2 Rfc8 17. Rad1 e4 18. c4 Bf8 19. b3 Bb4 20. Rd4 f5
21. Kg1 Kf7 22. h4 Bc3 23. Rd6 Bb4 24. R6d4 Bc3 25. Rd6 Bb4 26. R6d4 1/2-1/2

[Event "Time Manager Cup"]
[Site "Hillerod"]
[Date "1985.02.10"]
[Round "6"]
[White "Danielsen, Henrik"]
[Black "Fedder, Steen"]
[Result "1/2-1/2"]
[WhiteElo "2374"]
[BlackElo "2435"]
[PlyCount "54"]
[SourceDate "2003.01.07"]

1. c4 Nf6 2. Nc3 e6 3. Nf3 d5 4. d4 Be7 5. Bg5 O-O 6. e3 b6 7. Qc2 Bb7 8. cxd5
exd5 9. Bd3 Nbd7 10. O-O-O c5 11. h4 Re8 12. Ne5 cxd4 13. Nxd7 dxc3 14. Nxf6+
Bxf6 15. Bxh7+ Kh8 16. Bd3 cxb2+ 17. Kb1 Rc8 18. Qe2 Qd6 19. Qh5+ Kg8 20. Qh7+
Kf8 21. Bf5 Rc1+ 22. Rxc1 bxc1=Q+ 23. Rxc1 Qb4+ 24. Kc2 Bxg5 25. hxg5 Bc6 26.
Qh8+ Ke7 27. Qxg7 Ba4+ 1/2-1/2

[Event "Time Manager Cup"]
[Site "Hillerod"]
[Date "1985.02.16"]
[Round "7"]
[White "Larsen, Steen Skovlund"]
[Black "Danielsen, Henrik"]
[Result "0-1"]
[WhiteElo "2224"]
[BlackElo "2374"]
[PlyCount "56"]
[SourceDate "2003.01.07"]

1. e4 c5 2. Nf3 e6 3. d4 d5 4. exd5 exd5 5. Bb5+ Nc6 6. Qe2+ Be7 7. dxc5 Nf6 8.
Be3 O-O 9. O-O Bg4 10. Nbd2 d4 11. Bg5 Bxc5 12. Nb3 Bb6 13. Qd1 Qd5 14. Bxc6
bxc6 15. Bxf6 gxf6 16. h3 Bh5 17. g4 Bg6 18. Nfxd4 Rad8 19. Nf5 Qe4 20. Qe1
Bxf5 21. gxf5 Qf3 22. Qc3 Qxf5 23. Kh1 Kh8 24. a4 Rg8 25. f4 Rde8 26. Rf3 Re3
27. Rxe3 Bxe3 28. Qxe3 Qd5+ 0-1

[Event "Time Manager Cup"]
[Site "Hillerod"]
[Date "1985.02.16"]
[Round "7"]
[White "Reinert, Mads"]
[Black "Hoi, Carsten"]
[Result "0-1"]
[WhiteElo "2323"]
[BlackElo "2396"]
[PlyCount "76"]
[SourceDate "2003.01.07"]

1. e4 c6 2. d4 g6 3. Nc3 Bg7 4. Bc4 d6 5. Qf3 e6 6. Nge2 Nd7 7. h4 Ngf6 8. Bg5
h6 9. Be3 Qa5 10. O-O-O d5 11. exd5 cxd5 12. Bd3 h5 13. Bf4 O-O 14. Bd6 Re8 15.
Kb1 e5 16. Bb5 exd4 17. Nxd4 Ne4 18. Nxe4 Rxe4 19. Bxd7 Bxd7 20. Nb3 Qb5 21.
Qd3 Qxd3 22. Rxd3 Re2 23. Rxd5 Bc6 24. Rd2 Rae8 25. Bc5 Rxd2 26. Nxd2 Bxg2 27.
Rg1 b6 28. Be3 Bb7 29. c3 Bf6 30. Bg5 Bxg5 31. Rxg5 Re2 32. Kc1 Rxf2 33. Re5
Kf8 34. Nc4 Rf4 35. Nd6 Bc6 36. Nc8 Rxh4 37. Nxa7 Bd7 38. Rd5 Ke7 0-1

[Event "Time Manager Cup"]
[Site "Hillerod"]
[Date "1985.02.16"]
[Round "7"]
[White "Iskov, Gert"]
[Black "Rosenlund, Thorbjorn"]
[Result "1/2-1/2"]
[WhiteElo "2359"]
[BlackElo "2357"]
[PlyCount "102"]
[SourceDate "2003.01.07"]

1. e4 e5 2. Bc4 Nc6 3. d3 Bc5 4. Nf3 Nf6 5. Nc3 d6 6. Bg5 h6 7. Bxf6 Qxf6 8.
Nd5 Qd8 9. c3 a6 10. d4 Ba7 11. h3 O-O 12. O-O Be6 13. Re1 Kh8 14. dxe5 Nxe5
15. Be2 c6 16. Ne3 Bxe3 17. fxe3 Nxf3+ 18. Bxf3 Qe7 19. b3 Rad8 20. c4 f6 21.
Qd4 Bf7 22. Qb6 Bg6 23. Rad1 Rfe8 24. Rd4 c5 25. Rd2 Bxe4 26. Bxe4 Qxe4 27.
Rxd6 Rxd6 28. Qxd6 Re5 29. Kh2 Kh7 30. Qd2 Rf5 31. Qe2 b6 32. Rf1 Qe5+ 33. Kh1
Rxf1+ 34. Qxf1 Qxe3 35. Qf5+ Kg8 36. Qc8+ Kf7 37. Qxa6 Qe1+ 38. Kh2 Qe5+ 39.
Kh1 Qd6 40. Kg1 h5 41. Qb7+ Kg8 42. Qc8+ Kf7 43. Qf5 g6 44. Qf3 f5 45. Kh1 Kf6
46. h4 Qd4 47. Qc6+ Ke5 48. Qxg6 Qxh4+ 49. Kg1 Qe1+ 50. Kh2 Qh4+ 51. Kg1 Qe1+
1/2-1/2